Ani najlepší produkt sa nepredá sám

Rozhovor s brand manažérom siete predajní Baťa, Jánom Janšíkom o koncepte firmy Baťa. Pozitívny a negatívny vplyv pri predaji obuvi. Trend personifikácie ako budúcnosť obuvy. Vizitka firmy Baťa.

Salvato in:
Dettagli Bibliografici
Autore principale: Miša, Dominik
Altri autori: Janšík, Ján
Natura: Capitolo di libro
Lingua:slovacco
Soggetti:
Tags: Aggiungi Tag
Nessun Tag, puoi essere il primo ad aggiungerne!!

MARC

LEADER 00000naa a2200000 4500
001 0238773
005 20221104111939.2
041 0 |a slo 
044 |a SK 
245 1 0 |a Ani najlepší produkt sa nepredá sám  |c Dominik Miša, Ján Janšík 
520 |a Rozhovor s brand manažérom siete predajní Baťa, Jánom Janšíkom o koncepte firmy Baťa. Pozitívny a negatívny vplyv pri predaji obuvi. Trend personifikácie ako budúcnosť obuvy. Vizitka firmy Baťa. 
610 2 0 |a spokojnosť zákazníkov 
610 2 0 |a správanie spotrebiteľa 
610 2 0 |a obuv 
610 2 0 |a obuvníctvo 
610 2 0 |a manažéri 
610 2 0 |a firmy 
100 1 |a Miša, Dominik 
700 1 |a Janšík, Ján